000 00598nam a2200169Ia 4500
008 230917s9999||||xx |||||||||||||| ||und||
020 _cRS150
040 _e230740
_aMAIN
041 _aEnglish
082 _a891.43172109 DC499:BC
100 _aबांदिवडेकर, चंद्रकांत
245 0 _aकविता स्वभाव चंद्रकांत की कविता
260 _aनई दिल्ली
_bवाणी प्रकाशन
_c2012
300 _a89 पृ. p.
500 _a2270 01/02/2016 HBD15/1727 01/03/2016 Main Budget
942 _cBK
999 _c17930
_d17930